000 00480nam a2200169Ia 4500
008 090711s9999 xx 000 0 und d
082 _b4041
100 _aपवार शरद
245 _aपहाट झाली
260 _bयुगवाणी प्रकाशन
_c1951
300 _a61
600 _aपवार शरद
630 _aपहाट झाली
700 _aपवार शरद
730 _aपहाट झाली
942 _cBOOK
999 _c287476
_d287476